000 01511cam a2200277 4500
001 L137372
008 070402s2006 xxk f 000 0 eng d
020 _a9780117539808
035 _a(Sirsi) u137372
041 0 _aeng
110 2 _aUnited Kingdom
_bDepartment for Communities and Local Government
_94939
245 0 0 _aTown and Country Planning (Control of Advertisements) (England) Regulations 2007
_h[electronic resource]
260 _aLondon
_bDCLG
_c2006
490 0 _aDCLG Circular
_v03/2007
520 _aOutlines the revised system of advertisement control and includes relevant advice about advertisement applications to local planning authorities, appeals to the Secretary of State and how to deal with unauthorised advertisements. Outlines main statutory provisions, the scope of control and the exercise of power.
590 _aKA NTK
650 2 4 _aTOWN AND COUNTRY PLANNING (CONTROL OF ADVERTISEMENTS) (ENGLAND) REGULATIONS 2007
650 2 4 _aTOWN AND COUNTRY PLANNING (CONTROL OF ADVERTISEMENTS) REGULATIONS 1992
650 2 4 _aTOWN AND COUNTRY PLANNING (CONTROL OF ADVERTISEMENTS) (AMENDMENT) REGULATIONS 1994
650 2 4 _aTOWN AND COUNTRY PLANNING (CONTROL OF ADVERTISEMENTS) (AMENDMENT) REGULATIONS 1999
650 2 4 _aCLEAN NEIGHBOURHOODS AND ENVIRONMENT ACT 2005
651 4 _aEngland
_y886-
690 _aPlanning and development
_96259
856 4 0 _uhttps://www.communities.gov.uk/index.asp?id=1509212
_zView the item free of charge at www.communities.gov.uk...
942 _n0
999 _c106756
_d106756